| 000 | 00353cam a2200145ua 4500 | ||
|---|---|---|---|
| 041 |
_aeng _h |
||
| 082 |
_a822 _bCLA/SH |
||
| 100 | _aClark, Mary. | ||
| 245 |
_aShakespeare at the old VIC / _cMary Clark. _hTextual Documents |
||
| 260 |
_aLondon : _bHamish Hamilton Ltd , _c1958. |
||
| 300 | _a50 ; . | ||
| 504 | _a | ||
| 942 | _cBK | ||
| 999 |
_c4779 _d4779 |
||